Normal view
MARC view
Entry Topical Term
001 - CONTROL NUMBER
- control field: 35993
003 - CONTROL NUMBER IDENTIFIER
- control field: dpl
005 - DATE AND TIME OF LATEST TRANSACTION
- control field: 20111122105716.0
008 - FIXED-LENGTH DATA ELEMENTS
- fixed length control field: 111122|||a|||||| | ||| d
040 ## - CATALOGING SOURCE
- Original cataloging agency: dpl
- Transcribing agency: dpl
150 ## - HEADING--TOPICAL TERM
- Topical term or geographic name as entry element: Motion picture industry
- Geographic subdivision: India
- Geographic subdivision: Bombay.
670 ## - SOURCE DATA FOUND
- Source citation: Work cat.: (dpl)0: Shresthova, Sangita 35990, Is it all about hips? :, 2011
670 ## - SOURCE DATA FOUND
- Source citation: Work cat.: (dpl)0: Shresthova, Sangita 35990, Is it all about hips? :, 2011
